| 000 | 00471nam a2200109Ia 4500 | ||
|---|---|---|---|
| 008 | 171212s9999 xx 000 0 und d | ||
| 245 |
_ceditor Rudnytsky, Peter L.;Bokay, Antal;Giampieri-Deutsch, Patrizia _aFerenczi's Turn in Psychoanalysis |
||
| 260 |
_bNew York University Press _c1996 |
||
| 650 | _aFerenczi, Sandor, 1873–1933; Psychoanalysis -- Hungary -- History; Psychoanalysis -- History | ||
| 650 | _aPsychology | ||
| 856 | _uhttp://www.jstor.org/stable/j.ctt9qg8tz | ||
| 999 |
_c351534 _d351534 |
||